Feminism in the wild (Record no. 4640)

MARC details
000 -CABECERA
campo de control de longitud fija 02320cam a22002778i 4500
001 - NÚMERO DE CONTROL
campo de control on1455532891
003 - IDENTIFICADOR DEL NÚMERO DE CONTROL
campo de control OCoLC
005 - FECHA Y HORA DE LA ÚLTIMA TRANSACCIÓN
campo de control 20250411081617.0
008 - DATOS DE LONGITUD FIJA--INFORMACIÓN GENERAL
campo de control de longitud fija 240517t20252025maua b 001 0 eng
010 ## - NÚMERO DE CONTROL DE LA BIBLIOTECA DEL CONGRESO
Número de control de LC 2024023049
020 ## - NÚMERO INTERNACIONAL ESTÁNDAR DEL LIBRO
Número Internacional Estándar del Libro 9780262049634
035 ## - NÚMERO DE CONTROL DEL SISTEMA
Número de control de sistema (OCoLC)1455532891
040 ## - FUENTE DE LA CATALOGACIÓN
Centro catalogador/agencia de origen DLC
Lengua de catalogación eng
Normas de descripción rda
Centro/agencia transcriptor DLC
Centro/agencia modificador OCLCO
-- YDX
-- BDX
-- TOH
-- PAU
041 ## - CÓDIGO DE LENGUA
Código de lengua del texto/banda sonora o título independiente eng
042 ## - CÓDIGO DE AUTENTICACIÓN
Código de autenticación pcc
050 00 - SIGNATURA TOPOGRÁFICA DE LA BIBLIOTECA DEL CONGRESO
Número de clasificación QL751
Número de documento/Ítem .K26 2025
100 ## - ENTRADA PRINCIPAL--NOMBRE DE PERSONA
Nombre de persona Kamath, Ambika
Término indicativo de función/relación author
9 (RLIN) 25153
245 10 - MENCIÓN DE TÍTULO
Título Feminism in the wild
Resto del título : how human biases shape our understanding of animal behavior
Mención de responsabilidad, etc. / Ambika Kamath and Melina Packer.
260 ## - PUBLICACIÓN, DISTRIBUCIÓN, ETC.
Lugar de publicación, distribución, etc. Cambridge, MA :
Nombre del editor, distribuidor, etc. The MIT Press,
Fecha de publicación, distribución, etc. 2025.
300 ## - DESCRIPCIÓN FÍSICA
Extensión 194 pages :
Otras características físicas illustrations ;
Dimensiones 23 cm.
504 ## - NOTA DE BIBLIOGRAFÍA, ETC.
Nota de bibliografía, etc. Includes bibliographical references (pages 173-188) and index.
520 ## - SUMARIO, ETC.
Sumario, etc. In Feminism in the Wild, Ambika Kamath and Melina Packer reveal how scientists studying animal behavior have long projected human norms and values onto animals while seeking to understand them. When scientific studies conclude that these norms and values are natural in animals, it makes it easier to think of them as natural in humans too. And because scientists, historically and to this day, largely belong to elite, powerful segments of society, the norms and values embedded in animal behavior science match those of the already powerful. How can animal behavior science escape this trap of naturalizing dominant culture?<br/><br/>Drawing from decades of feminist, antiracist, queer, disability justice, and Marxist contributions—including those of biologists—Kamath and Packer break down persistent assumptions in the status quo of animal behavior science and offer a multitude of alternative approaches. Core concepts in animal behavior science and evolutionary biology—from sex categories and sexual selection to fitness, adaptation, biological determinism, and more—are carefully contextualized and critically reexamined. This unique collaboration between an animal behavior scientist and a feminist science studies scholar is an illuminating and hopeful read for anyone who is curious about how animals behave, and anyone who wants to break free from scientific approaches that perpetuate systems of oppression.
650 #0 - PUNTO DE ACCESO ADICIONAL DE MATERIA--TÉRMINO DE MATERIA
Término de materia o nombre geográfico como elemento de entrada Animal behavior
9 (RLIN) 10659
700 ## - ENTRADA AGREGADA--NOMBRE PERSONAL
Nombre de persona Packer, Melina
Término indicativo de función/relación author
9 (RLIN) 25154
942 ## - ELEMENTOS DE ENTRADA AGREGADA (KOHA)
Fuente del sistema de clasificación o colocación Clasificación de Library of Congress
Holdings
Estado de retiro Estado de pérdida Fuente del sistema de clasificación o colocación Estado dañado No para préstamo Biblioteca de origen Biblioteca actual Fecha de adquisición Total de préstamos Signatura topográfica completa Código de barras Fecha visto por última vez Fecha del último préstamo Número de copia Precio válido a partir de Tipo de ítem Koha
    Clasificación de Library of Congress     TBS Barcelona TBS Barcelona 11/04/2025 1 QL751 KAM B05887 02/06/2025 11/04/2025 1 11/04/2025 Book

Powered by Koha